| 000 | 00411cam a2200169ua 4500 | ||
|---|---|---|---|
| 020 | _c7.00 | ||
| 041 |
_ahin _h |
||
| 082 |
_a891.43 _bMAN/PR |
||
| 100 | _aManmath Nath, Gupta. | ||
| 245 |
_aPragathivad ki rooprekha / _cManmadhnadh Gupta. _hTextual Documents |
||
| 260 |
_a : _bAtmaram and Sons , _c1952. |
||
| 300 | _a386 ; . | ||
| 365 | _a7.00 | ||
| 504 | _a | ||
| 942 | _cBK | ||
| 999 |
_c11483 _d11483 |
||